00601nam a2200205Ia 4500008004100000041001200041082001200053100004200065245005700107260000900164300000800173365000800181520001400189520003800203546001200241630005700253650001400310655001400324730005700338101110s9999 xx 000 0 und d aENGLISH bSR34017 aSinghania Vinod K. & Singhania Monica aTaxmann student guide to income-tax 2010-2011 42thed c2010 a649 b445 aEconomics aUGC XIth Five Year Plan 2009-2010 aENGLISH aTaxmann student guide to income-tax 2010-2011 42thed aEconomics aEconomics aTaxmann student guide to income-tax 2010-2011 42thed